Sports Quiz

Random Sports Quiz

Nets Players 2010-2011 Quiz Stats

 Plays Quiz not verified by Sporcle

Challenge
Share
Tweet
Embed
Score 0/22 Timer 10:00
0 Plays Today
Position Player % Correct
PGDeron Williams
97.9%
CBrook Lopez
93.8%
SFTerrence Williams
89.6%
PGDevin Harris
77.1%
PFKris Humphries
75%
PGJordan Farmar
70.8%
SGAnthony Morrow
68.8%
SFTravis Outlaw
60.4%
PFDerrick Favors
60.4%
CJohan Petro
56.3%
SGSasha Vujacic
54.2%
Position Player % Correct
PGSundiata Gaines
50%
PGBen Uzoh
43.8%
SFDamion James
37.5%
PFJoe Smith
37.5%
CDan Gadzuric
31.3%
SGMario West
29.2%
SFQuinton Ross
25%
PFTroy Murphy
25%
SFStephen Graham
22.9%
PFBrandan Wright
22.9%
PGOrien Greene
16.7%

You're not logged in!

Compare scores with friends on all Sporcle quizzes.
Join for Free
OR
Log In

You Might Also Like...

Show Comments

Extras

Top Quizzes Today


Score Distribution

Your Account Isn't Verified!

In order to create a playlist on Sporcle, you need to verify the email address you used during registration. Go to your Sporcle Settings to finish the process.

Report this User

Report this user for behavior that violates our Community Guidelines.

Details: